000 00316nam a22001457a 4500
003 SGT
020 _a818579061-2
082 _a615.19, P13K
100 _aKOKARE, C
245 _aPHARMACEUTICAL MICROBIOLOGY
260 _aPUNE
_bNIRALI PRAKASHAN
_c2013
300 _a295
650 _aPHARMACEUTICAL
942 _2ddc
_cBK
999 _c8147
_d8147